| 000 | 00737nam a2200193 i 4500 | ||
|---|---|---|---|
| 001 | 142115 | ||
| 003 | ES-MaACL | ||
| 005 | 20230906200440.0 | ||
| 007 | t| | ||
| 008 | 071003s1934 uy ||||0| spa d | ||
| 016 | 7 | _zIND2000946498 | |
| 040 |
_aM-BN _bspa _cCDM |
||
| 100 | 1 |
_aWilliman, José Claudio. _9116978 |
|
| 245 | 1 | 0 |
_aMemoria de enseñanza primaria y normal correspondiente al periodo comprendido entre el 1º de abril de 1933 y el 30 de abril de 1934 / _cpresentada al Consejo Nacional de Enseñanza Primaria y Normal por su Presidente José Claudio Williman. |
| 260 |
_aMontevideo : _b[s.n.], _c1934. |
||
| 300 |
_a180 p. ; _c27 cm. |
||
| 650 | 4 |
_aEnseñanza primaria- _zUruguay. _9160301 |
|
| 852 |
_aES-MaACL _j1767-F-10 |
||
| 999 |
_c142115 _d142115 |
||